Mlčení o podstatném /

Salvato in:
Dettagli Bibliografici
Autore principale: Guitton, Jean (Autore)
Natura: Libro
Lingua:ceco
Pubblicazione: Brno : Petrov, 1992
Edizione:1.vyd.
Soggetti:
Tags: Aggiungi Tag
Nessun Tag, puoi essere il primo ad aggiungerne!!

MARC

LEADER 00000nam a22000003a 4500
001 stu2046
005 20150617225620.0
008 920622s1992----cs------------------cze-d
020 |a 80-85247-28-3 
040 |a STU  |b slo 
041 0 |a cze 
044 |a cs 
080 |a 13 
100 1 |a Guitton, Jean  |4 aut 
245 1 |a Mlčení o podstatném /  |c [aut.] Guitton,Jean 
250 |a 1.vyd. 
260 |a Brno :  |b Petrov,  |c 1992 
300 |a 61 s 
650 7 |a filozofia ducha  |2 stusub 
996 |b E76597  |c R*76597  |l RRUM  |s A  |a 24  |w stu2046_0001